000 01124cab a2200349 4500
001 ABS48917
008 090401t1993 xxu||||| |||| 00| 0 eng d
035 _a(Sirsi) u69128
041 _aeng
100 _aNoble, N.
245 _aHow to specify overhead glazing
260 _c1993
350 _a0
490 _aArchitects` Journal
_v198(4) 28 July 1993, 39-41(3)
520 _aIn the absence of agreed standards for the design and construction of glazed roofs, this article points out areas of inadequacy and suggests criteria for the selection of appropriate materials.
650 _aBRITISH STANDARDS
650 _aBS 952
650 _aBUILDING FAILURES
650 _aBUILDING REGULATIONS
_96224
650 _aGLASS
650 _aGLAZES ROOFS
650 _aLAMINATED GLASS
650 _aNICKEL SULPHIDE
650 _aOVERHEAD GLAZING
650 _aBUILT ENVIRONMENT-BUILDING ELEMENTS-COMPLETE BUILDING ELEMENTS-ROOFS
650 _aSHATTERING
650 _aSPECIFICATION
650 _aTOUGHENED GLASS
690 _aBUILT ENVIRONMENT-BUILDING MATERIALS
942 _n0
948 _c04/03/1997
999 _c43423
_d43423